[Event "29. Erfurter Schachfestival 2019 - Meis"]
[Site "Erfurt"]
[Date "2019.12.27"]
[Round "2.62"]
[White "Kroneder, Christian"]
[Black "Neubauer, Ralf"]
[Result "1-0"]
[WhiteElo "2045"]
[BlackElo "1931"]
[PlyCount "53"]
[EventDate "2019.12.26"]

1. d4 g6 2. e4 Bg7 3. Nc3 d6 4. Be3 a6 5. Qd2 Nd7 6. Nf3 b5 7. a3 Bb7 8. Bd3 c5
9. dxc5 Nxc5 10. O-O Nf6 11. Bh6 O-O 12. Bxg7 Kxg7 13. Rae1 Re8 14. Nh4 e6 15.
f4 d5 16. exd5 Nxd5 17. Nxd5 Qxd5 18. f5 Qd4+ 19. Kh1 Qxh4 20. Qc3+ Kg8 21.
fxg6 hxg6 22. Qxc5 Rac8 23. Qe5 Qg4 24. Re2 Qh4 25. Rf6 Re7 26. Ref2 Rcc7 27.
Bxg6 1-0

[Event "29. Erfurter Schachfestival 2019 - Meis"]
[Site "Erfurt"]
[Date "2019.12.27"]
[Round "2.63"]
[White "Kottwitz, Daniel"]
[Black "Haack, Kevin"]
[Result "0-1"]
[WhiteElo "1949"]
[BlackElo "2042"]
[Annotator "Ruether,Rudolf"]
[PlyCount "94"]
[EventDate "2019.12.26"]

1. d4 d5 2. Bf4 Nf6 3. e3 e6 4. Nf3 Bd6 5. Bg3 O-O 6. Nbd2 c5 7. c3 Qc7 8. Bd3
Nbd7 9. Rc1 Re8 10. Bxd6 Qxd6 11. O-O e5 12. dxe5 Nxe5 13. Nxe5 Qxe5 14. Nf3
Qh5 15. c4 {(=)} dxc4 16. Bxc4 Bg4 17. Be2 Ne4 18. Qc2 Rac8 19. h3 Bd7 20. Rfd1
Bc6 21. Ne1 Qg5 22. Bf3 h6 23. Nd3 b6 24. Kh1 Qh4 25. Kh2 Bb7 26. g3 Qf6 27.
Kg2 Qe7 28. Nf4 Ng5 29. Bd5 Rcd8 30. h4 Bxd5+ 31. Nxd5 Qb7 32. hxg5 Rxd5 33.
Rxd5 Qxd5+ 34. Kg1 Qxg5 35. Rd1 Qg4 36. Qd3 Qe6 37. Qd7 Re7 38. Qd8+ Kh7 39.
Rd6 Qe4 40. Rd3 Re5 41. f3 Qxf3 42. e4 Qxe4 43. Rd1 Qe3+ 44. Kg2 Qe2+ 45. Kg1
Rf5 46. Qd3 Qf2+ 47. Kh1 g6 0-1

[Event "29. Erfurter Schachfestival 2019 - Meis"]
[Site "Erfurt"]
[Date "2019.12.27"]
[Round "2.65"]
[White "Schröter, Maik"]
[Black "Wachsmann, Dietmar"]
[Result "1-0"]
[WhiteElo "1943"]
[BlackElo "2032"]
[PlyCount "45"]
[EventDate "2019.12.26"]

1. e4 c5 2. Nc3 d6 3. Nge2 Nf6 4. g3 Nc6 5. Bg2 g6 6. d3 Bg7 7. h3 e5 8. Be3
Be6 9. Qd2 O-O 10. g4 Nd4 11. Ng3 Rb8 12. O-O b5 13. Nce2 Nd7 14. c3 Nxe2+ 15.
Qxe2 Nb6 16. Qd2 Rc8 17. Bh6 f6 18. Bxg7 Kxg7 19. f4 Qd7 20. f5 Bg8 21. g5 fxg5
22. Qxg5 Bf7 23. Nh5+ 1-0

[Event "29. Erfurter Schachfestival 2019 - Meis"]
[Site "Erfurt"]
[Date "2019.12.27"]
[Round "2.66"]
[White "Röhr, Oliver"]
[Black "Dittrich, Tom"]
[Result "1-0"]
[WhiteElo "2028"]
[BlackElo "1915"]
[Annotator "Ruether,Rudolf"]
[PlyCount "103"]
[EventDate "2019.12.26"]

1. e4 c5 2. Nf3 d6 3. c4 e5 4. Nc3 g6 5. d3 Bg7 6. Bg5 f6 7. Be3 Ne7 8. Be2
Nbc6 9. O-O O-O 10. a3 f5 11. b4 f4 12. Bd2 b6 13. b5 Nd4 14. Nxd4 exd4 15. Nd5
Nxd5 16. exd5 Be5 17. Bg4 Qh4 18. Bxc8 Raxc8 19. f3 Rf5 20. Qe1 Qd8 21. g4 Rf7
22. Rf2 Rcc7 23. Rg2 Rce7 24. Qh4 Bg7 25. g5 Re3 26. Bxe3 dxe3 27. Rc1 Qd7 28.
Qg4 Qxg4 29. Rxg4 Bb2 30. Rb1 Bxa3 31. Kf1 Bb4 {(=)} 32. d4 Kf8 33. Ke2 Bc3 34.
dxc5 dxc5 35. h4 Ke7 36. Rh1 Kd6 37. Kd3 Bd2 38. h5 Ke5 39. hxg6 hxg6 40. Rh8
Be1 41. Re8+ Kf5 42. d6 Rd7 43. Rf8+ Ke5 44. Rgxf4 Bf2 45. R4f6 Rxd6+ 46. Rxd6
Kxd6 47. f4 Ke6 48. Rf6+ Ke7 49. Rxg6 Kf7 50. f5 Ke7 51. Re6+ Kf8 52. Rxe3 1-0

[Event "29. Erfurter Schachfestival 2019 - Meis"]
[Site "Erfurt"]
[Date "2019.12.27"]
[Round "2.67"]
[White "Geißhirt, Marco"]
[Black "Weimert, Miriam"]
[Result "1/2-1/2"]
[WhiteElo "2022"]
[BlackElo "1845"]
[PlyCount "55"]
[EventDate "2019.12.26"]

1. e4 c5 2. b4 cxb4 3. a3 d5 4. exd5 Qxd5 5. Nf3 e6 6. axb4 Bxb4 7. c4 Qe4+ 8.
Be2 Ne7 9. O-O O-O 10. d4 Ng6 11. Bd3 Qc6 12. h4 Re8 13. h5 Nf8 14. Qc2 Nbd7
15. h6 g6 16. d5 exd5 17. Qb2 Qf6 18. Qxb4 Qxa1 19. Bb2 Qa6 20. Qc3 f6 21. cxd5
Qd6 22. Nbd2 Qf4 23. d6 Qxh6 24. Ne4 Qg7 25. Qb3+ Kh8 26. Neg5 h6 27. Nf7+ Kh7
28. Re1 1/2-1/2

[Event "29. Erfurter Schachfestival 2019 - Meis"]
[Site "Erfurt"]
[Date "2019.12.27"]
[Round "3.1"]
[White "Eckardt, Joshua"]
[Black "Gschnitzer, Adrian"]
[Result "0-1"]
[WhiteElo "2277"]
[BlackElo "2408"]
[PlyCount "40"]
[EventDate "2019.12.26"]

1. d4 Nf6 2. c4 c5 3. d5 b5 4. Qc2 b4 5. e4 d6 6. a3 bxa3 7. Rxa3 g6 8. Nf3 Bg7
9. Be2 O-O 10. O-O Na6 11. Nc3 Nb4 12. Qd2 Bg4 13. e5 Nd7 14. exd6 exd6 15. b3
Re8 16. Bb2 a6 17. h3 Bxf3 18. Bxf3 Qh4 19. g3 Qxh3 20. Bg2 Qg4 0-1

[Event "29. Erfurter Schachfestival 2019 - Meis"]
[Site "Erfurt"]
[Date "2019.12.27"]
[Round "3.2"]
[White "Kaiser, Dieter"]
[Black "Meissner, Felix"]
[Result "1-0"]
[WhiteElo "2228"]
[BlackElo "2377"]
[PlyCount "87"]
[EventDate "2019.12.26"]

1. d4 g6 2. c4 Bg7 3. Nc3 d6 4. e4 Nc6 5. Be3 e5 6. d5 Nce7 7. g4 Nf6 8. f3 h5
9. g5 Nh7 10. h4 f6 11. Qd2 fxg5 12. hxg5 O-O 13. O-O-O Rf7 14. Be2 Bd7 15. Nh3
a6 16. c5 Qf8 17. Nf2 Nc8 18. Nd3 dxc5 19. Nxc5 Nd6 20. Kb1 Qe7 21. Rc1 Nf8 22.
Nxd7 Qxd7 23. Nd1 Nh7 24. Nf2 a5 25. Nd3 b6 26. Rc6 Re8 27. Rhc1 Qd8 28. a4
Ree7 29. b3 Rd7 30. Nb2 Nf8 31. Nc4 Nc8 32. Qc2 Ne7 33. Re6 Qb8 34. Nxe5 Bxe5
35. Rxe5 Nc8 36. Re8 Rde7 37. Qc6 Rxe8 38. Qxe8 Qb7 39. Bd4 Re7 40. Qd8 Kf7 41.
e5 c5 42. dxc6 Qc7 43. Bc4+ Kg7 44. e6+ 1-0

[Event "29. Erfurter Schachfestival 2019 - Meis"]
[Site "Erfurt"]
[Date "2019.12.27"]
[Round "3.3"]
[White "Lagunow, Alexander"]
[Black "Neukirchner, Pascal"]
[Result "1/2-1/2"]
[WhiteElo "2374"]
[BlackElo "2224"]
[PlyCount "49"]
[EventDate "2019.12.26"]

1. c4 c5 2. Nf3 Nf6 3. Nc3 Nc6 4. g3 g6 5. Bg2 Bg7 6. d4 cxd4 7. Nxd4 O-O 8.
O-O d6 9. Nxc6 bxc6 10. Bxc6 Rb8 11. Bg2 Qa5 12. Nb5 Bb7 13. Bxb7 Rxb7 14. Bd2
Qa6 15. Bc3 Rc8 16. b3 d5 17. a4 dxc4 18. bxc4 Rd7 19. Qb3 Qe6 20. Rfd1 a6 21.
Rxd7 Nxd7 22. Bxg7 Kxg7 23. Qc3+ f6 24. Na3 Ne5 25. Qe3 1/2-1/2

[Event "29. Erfurter Schachfestival 2019 - Meis"]
[Site "Erfurt"]
[Date "2019.12.27"]
[Round "3.4"]
[White "Nothnagel, Marian Can"]
[Black "Osmanodja, Filiz"]
[Result "0-1"]
[WhiteElo "2369"]
[BlackElo "2214"]
[Annotator "Kohlstädt,Jürgen"]
[PlyCount "108"]
[EventDate "2019.12.26"]

1. e4 c5 2. Nf3 d6 3. Bb5+ Nc6 4. O-O Bd7 5. Re1 Nf6 6. c3 a6 7. Bf1 Bg4 8. h3
Bxf3 9. Qxf3 g6 10. d3 Bg7 11. Nd2 O-O 12. Qd1 e5 13. a3 d5 14. b4 cxb4 15.
axb4 d4 16. cxd4 Nxd4 17. Bb2 Rc8 18. Rc1 Rxc1 19. Qxc1 Nh5 20. Nc4 Nf4 21. Na5
Bh6 22. Qd1 Qc7 23. Nb3 {(=)} Nfe6 24. Nxd4 Nxd4 25. Be2 Qb6 26. Bxd4 Qxd4 27.
Qc2 Qxb4 28. Rb1 Qe7 29. Bg4 Rd8 30. Bc8 Bf8 31. Qc4 a5 32. Bg4 Qc5 33. Qa4 b6
34. Bd7 Qd4 35. Qxd4 exd4 36. Bb5 Bb4 37. Rc1 Bc3 38. Rb1 Kf8 39. f4 Ke7 40.
Kf2 f6 41. Kf3 Kd6 42. h4 Kc5 43. h5 Bb4 44. Bc4 b5 45. Bf7 a4 46. e5 fxe5 47.
fxe5 Bc3 48. Ke4 b4 49. hxg6 hxg6 50. Bxg6 Rf8 51. Bf5 b3 52. Be6 b2 53. g4 Bd2
54. Rxb2 Rf4# 0-1

[Event "29. Erfurter Schachfestival 2019 - Meis"]
[Site "Erfurt"]
[Date "2019.12.27"]
[Round "3.5"]
[White "Schmitzer, Klaus"]
[Black "Stein, Robert"]
[Result "0-1"]
[WhiteElo "2217"]
[BlackElo "2327"]
[PlyCount "92"]
[EventDate "2019.12.26"]

1. d4 Nf6 2. Bf4 d5 3. e3 c5 4. c3 Nc6 5. Nf3 Qb6 6. Qc1 Bf5 7. Be2 e6 8. Nh4
Be4 9. Nd2 h6 10. Nhf3 Bh7 11. Ne5 Be7 12. O-O O-O 13. dxc5 Bxc5 14. b4 Be7 15.
b5 Nxe5 16. Bxe5 Rfc8 17. Qb2 Nd7 18. Bd4 Qa5 19. Nb3 Qa3 20. Qd2 e5 21. Bxe5
Nxe5 22. Qxd5 Qd6 23. Qxd6 Bxd6 24. Rad1 Bf8 25. Rd5 Nc4 26. Rd7 Nd6 27. Rd1
Rd8 28. Rxd8 Rxd8 29. c4 Bc2 30. Rd2 Bxb3 31. axb3 b6 32. g4 Nb7 33. Ra2 Na5
34. Kf1 Rd7 35. Rb2 Bb4 36. f4 Rd2 37. Rb1 g5 38. Kf2 Rc2 39. fxg5 hxg5 40. Rd1
Nxb3 41. Rd8+ Kg7 42. Kf1 Rd2 43. Ra8 Nc1 44. Bf3 Rd7 45. Bc6 Re7 46. e4 Nd3
0-1

[Event "29. Erfurter Schachfestival 2019 - Meis"]
[Site "Erfurt"]
[Date "2019.12.27"]
[Round "3.6"]
[White "Pubantz, Jan"]
[Black "Strache, Michael"]
[Result "0-1"]
[WhiteElo "2207"]
[BlackElo "2301"]
[PlyCount "102"]
[EventDate "2019.12.26"]

1. d4 f5 2. g3 Nf6 3. Bg2 g6 4. Nf3 Bg7 5. b3 O-O 6. Bb2 d6 7. Nbd2 Nc6 8. O-O
e5 9. dxe5 Ng4 10. Nc4 Ngxe5 11. Nfxe5 Nxe5 12. Qd5+ Nf7 13. Bxg7 Kxg7 14. Rad1
Qf6 15. Qd4 Re8 16. Ne3 c6 17. c4 g5 18. Bf3 Qxd4 19. Rxd4 Kg6 20. b4 Be6 21.
b5 Rac8 22. a4 Re7 23. a5 cxb5 24. cxb5 Rc5 25. Rb1 g4 26. Nd5 gxf3 27. Nxe7+
Kf6 28. Ng8+ Kg7 29. exf3 Kxg8 30. g4 Bd7 31. a6 b6 32. gxf5 Rxf5 33. Rc1 Rg5+
34. Kf1 Bxb5+ 35. Ke1 Rc5 36. Rxc5 bxc5 37. Re4 Kf8 38. f4 Bxa6 39. Ra4 Bd3 40.
Rxa7 Kg7 41. Kd2 Bg6 42. Ke3 Kf6 43. Ra5 Nh6 44. Kf3 Nf5 45. Kg4 Nd4 46. h4 h5+
47. Kg3 Nf5+ 48. Kh3 c4 49. Ra6 Bf7 50. Rc6 Be6 51. Rc7 d5 0-1

[Event "29. Erfurter Schachfestival 2019 - Meis"]
[Site "Erfurt"]
[Date "2019.12.27"]
[Round "3.8"]
[White "Mueller, Frank"]
[Black "Abel, Dennes"]
[Result "0-1"]
[WhiteElo "2094"]
[BlackElo "2463"]
[PlyCount "160"]
[EventDate "2019.12.26"]

1. c4 c6 2. g3 d5 3. Nf3 Nf6 4. Bg2 Bf5 5. O-O e6 6. d3 Nbd7 7. cxd5 exd5 8.
Nc3 Be7 9. Qc2 h6 10. e4 dxe4 11. dxe4 Bh7 12. Rd1 Qa5 13. Qe2 Nc5 14. Nd4 O-O
15. e5 Nfd7 16. a3 Qc7 17. e6 Nf6 18. Bf4 Qc8 19. exf7+ Rxf7 20. b4 Na6 21. Ne6
Bf5 22. Nd4 Bg4 23. f3 Bd7 24. Rac1 Nc7 25. Be5 Ncd5 26. Nxd5 Nxd5 27. Nb5 a6
28. Nd4 Qf8 29. f4 a5 30. b5 Bxa3 31. bxc6 bxc6 32. Rxc6 Bxc6 33. Nxc6 Bc5+ 34.
Kh1 Ne3 35. Bd6 Bxd6 36. Qxe3 Rf6 37. Ne5 Rd8 38. Nc6 Re8 39. Qd4 Kh8 40. Nxa5
Rfe6 41. Bc6 Re1+ 42. Rxe1 Rxe1+ 43. Kg2 Re2+ 44. Kf3 Rxh2 45. Nc4 Bc7 46. Ne3
Qd8 47. Qe4 Rd2 48. Nd5 Bb8 49. Qe6 Bd6 50. Ne3 Qe7 51. Qc8+ Qf8 52. Qe6 Qe7
53. Qc8+ Qf8 54. Qe6 Qf6 55. Qe8+ Bf8 56. Nd5 Qf5 57. Ne3 Qf6 58. Nd5 Qd6 59.
Ne3 Qe7 60. Qg6 Rd6 61. Qc2 Qc7 62. Be4 Qxc2 63. Bxc2 Rc6 64. Ke4 Rc3 65. Bd3
Bc5 66. Ng4 Kg8 67. Ne5 Bd6 68. Nc4 Bc7 69. Ne3 Kf8 70. Nd5 Rc1 71. Nxc7 Rxc7
72. Kd4 Ke7 73. Be4 Ra7 74. Ke3 Ra3+ 75. Kf2 Kd6 76. Kg2 Kc5 77. Bg6 Kd4 78.
Bf5 Ke3 79. Bg4 Ra2+ 80. Kg1 g6 0-1

[Event "29. Erfurter Schachfestival 2019 - Meis"]
[Site "Erfurt"]
[Date "2019.12.27"]
[Round "3.9"]
[White "Lagunow, Raphael"]
[Black "Stabolewski, Andreas"]
[Result "1-0"]
[WhiteElo "2424"]
[BlackElo "2092"]
[PlyCount "55"]
[EventDate "2019.12.26"]

1. Nf3 Nf6 2. c4 c6 3. g3 d5 4. b3 Bg4 5. Bg2 dxc4 6. bxc4 Bxf3 7. Bxf3 e5 8.
Bb2 e4 9. Bg2 Bc5 10. Qc2 Na6 11. Nc3 Nb4 12. Qb3 Qe7 13. O-O O-O-O 14. Na4 Bd4
15. Rab1 Na6 16. Bxd4 Rxd4 17. Rb2 Rhd8 18. Rfb1 Rxd2 19. Bh3+ Kb8 20. Qxb7+
Qxb7 21. Rxb7+ Ka8 22. Rxf7 Rd1+ 23. Rxd1 Rxd1+ 24. Kg2 Nb4 25. a3 Nc2 26. Bc8
Rd6 27. Ba6 Rd8 28. Nc5 1-0

[Event "29. Erfurter Schachfestival 2019 - Meis"]
[Site "Erfurt"]
[Date "2019.12.27"]
[Round "3.10"]
[White "Popist, Florian"]
[Black "Paul, Johannes"]
[Result "0-1"]
[WhiteElo "2076"]
[BlackElo "2374"]
[PlyCount "138"]
[EventDate "2019.12.26"]

1. e4 e6 2. d4 d5 3. Nd2 Be7 4. Bd3 c5 5. dxc5 Nf6 6. Ngf3 dxe4 7. Nxe4 Nxe4 8.
Bxe4 Qxd1+ 9. Kxd1 Bxc5 10. Ke2 Nd7 11. Be3 Bxe3 12. Kxe3 Nc5 13. Rad1 Nxe4 14.
Kxe4 Ke7 15. Rd4 Rd8 16. Rxd8 Kxd8 17. c4 b6 18. Rd1+ Kc7 19. Ke3 Bd7 20. Ne5
Be8 21. f4 a5 22. b3 f6 23. Nf3 Bh5 24. Rd2 Bxf3 25. Kxf3 Kc6 26. Ke4 Re8 27.
Kd4 e5+ 28. fxe5 Rxe5 29. a3 Rh5 30. g3 Rf5 31. b4 h5 32. Re2 Kd6 33. Rc2 Rf3
34. c5+ bxc5+ 35. Rxc5 axb4 36. axb4 h4 37. Rd5+ Ke6 38. Ke4 Rb3 39. Rd3 Rxb4+
40. Kf3 g5 41. gxh4 Rxh4 42. Kg3 f5 43. h3 Ke5 44. Re3+ Re4 45. Ra3 Rd4 46.
Re3+ Kd5 47. Re8 Rd3+ 48. Kg2 Rd2+ 49. Kf3 Rd3+ 50. Kg2 Rd2+ 51. Kf3 Rh2 52.
Kg3 Rc2 53. Rd8+ Ke6 54. Rd3 Ke5 55. Ra3 f4+ 56. Kf3 Rh2 57. Ra5+ Kf6 58. Ra6+
Kf5 59. Ra5+ Kg6 60. Ke4 Rxh3 61. Ra6+ Kh5 62. Kf5 Rb3 63. Ra5 Kh4 64. Ra1 Rb5+
65. Ke4 Rb4+ 66. Kf5 f3 67. Rh1+ Kg3 68. Rg1+ Kh2 69. Rxg5 Rb5+ 0-1

[Event "29. Erfurter Schachfestival 2019 - Meis"]
[Site "Erfurt"]
[Date "2019.12.27"]
[Round "3.11"]
[White "Reitz, Philipp"]
[Black "Kuznecovs, Nikita"]
[Result "0-1"]
[WhiteElo "2068"]
[BlackElo "2306"]
[PlyCount "60"]
[EventDate "2019.12.26"]

1. d4 Nf6 2. Nf3 c5 3. d5 g6 4. Nc3 d6 5. e4 Bg7 6. Bf4 O-O 7. Qd2 Bg4 8. e5
Nh5 9. exd6 Bxf3 10. gxf3 Nxf4 11. Qxf4 exd6 12. O-O-O Bxc3 13. bxc3 Kg7 14. h4
Qf6 15. Qxf6+ Kxf6 16. Bh3 Re8 17. Rhe1 Rxe1 18. Rxe1 Na6 19. Re4 Nc7 20. c4
Re8 21. Kd2 h6 22. Rxe8 Nxe8 23. f4 Ng7 24. Bc8 b6 25. Kc3 Nf5 26. Kb3 Nxh4 27.
Ka4 Nf5 28. Kb5 h5 29. Kc6 Ke7 30. Kb7 Kd8 0-1

[Event "29. Erfurter Schachfestival 2019 - Meis"]
[Site "Erfurt"]
[Date "2019.12.27"]
[Round "3.12"]
[White "Schulz, Karsten"]
[Black "Schulte, Jürgen"]
[Result "1-0"]
[WhiteElo "2267"]
[BlackElo "2062"]
[PlyCount "75"]
[EventDate "2019.12.26"]

1. Nf3 d5 2. c4 e6 3. g3 Nf6 4. Bg2 c5 5. O-O Nc6 6. d4 cxd4 7. Nxd4 Be7 8. Nc3
O-O 9. cxd5 exd5 10. b3 Bg4 11. Bb2 Qd7 12. Rc1 Bh3 13. Nxc6 bxc6 14. Na4 Bxg2
15. Kxg2 Ne4 16. Bd4 Rfe8 17. Qd3 Rac8 18. Rfd1 h6 19. Rc2 Ng5 20. Be3 Bd6 21.
Bxg5 hxg5 22. h3 Qe7 23. Nc3 Qe6 24. e4 d4 25. Qxd4 Be5 26. Qd7 Qf6 27. Nd5 Qe6
28. Qxe6 Rxe6 29. Rdc1 Bf6 30. Kf3 g4+ 31. hxg4 Bg5 32. Nf4 Rh6 33. Rc5 Be7 34.
Ra5 g5 35. Rxa7 Bd8 36. Nd5 Rb8 37. Ra6 Rc8 38. Ne3 1-0

[Event "29. Erfurter Schachfestival 2019 - Meis"]
[Site "Erfurt"]
[Date "2019.12.27"]
[Round "3.13"]
[White "Wolf, Andreas"]
[Black "Schmücker, Marcus"]
[Result "0-1"]
[WhiteElo "2056"]
[BlackElo "2210"]
[PlyCount "116"]
[EventDate "2019.12.26"]

1. d4 Nf6 2. c4 e6 3. Nf3 b6 4. g3 c6 5. Bg2 Be7 6. Nc3 d5 7. cxd5 cxd5 8. Bf4
O-O 9. O-O Bb7 10. Ne5 Nc6 11. Nxc6 Bxc6 12. Qd3 Qd7 13. Rfc1 a6 14. a3 Rfc8
15. e4 dxe4 16. Nxe4 Bb7 17. Nxf6+ Bxf6 18. Bxb7 Qxb7 19. Rxc8+ Rxc8 20. Rd1
Rd8 21. Be3 b5 22. Rd2 g6 23. Qc2 Rc8 24. Qd3 Qd5 25. Rd1 h5 26. h4 Rd8 27. Qd2
Rd7 28. Qa5 Qb7 29. Rd2 Bd8 30. Qc3 Rc7 31. Qd3 Rd7 32. Qc2 Bb6 33. Qc1 Rd8 34.
Qd1 Qd5 35. Bg5 Rc8 36. Rd3 Bd8 37. Be3 Bf6 38. Rd2 Kg7 39. Rd3 Rc4 40. Qd2 Rc8
41. Bh6+ Kh7 42. Qf4 Qf5 43. Qxf5 gxf5 44. Be3 Rd8 45. Rd2 Kg6 46. Kg2 Rd7 47.
Kf3 Kg7 48. Ke2 Kf8 49. Kf3 Ke8 50. Ke2 Rd5 51. Kd1 Kd7 52. Kc2 Kc6 53. Kc3
Rc5+ 54. Kd3 Rc1 55. Rc2+ Rxc2 56. Kxc2 Kd5 57. Kd3 f4 58. Bxf4 Bxd4 0-1

[Event "29. Erfurter Schachfestival 2019 - Meis"]
[Site "Erfurt"]
[Date "2019.12.27"]
[Round "3.14"]
[White "Barthel, Ansgar"]
[Black "Ortmeier, Leonhard"]
[Result "0-1"]
[WhiteElo "2052"]
[BlackElo "2208"]
[PlyCount "56"]
[EventDate "2019.12.26"]

1. e4 c5 2. Nf3 d6 3. d4 cxd4 4. Nxd4 Nf6 5. Nc3 a6 6. f4 g6 7. Be3 Bg7 8. Be2
Nbd7 9. O-O O-O 10. a4 Re8 11. Kh1 b6 12. Bf3 e5 13. Nb3 Qc7 14. Qd2 Bb7 15.
Rad1 exf4 16. Bxf4 Nxe4 17. Nxe4 Bxe4 18. Bxe4 Rxe4 19. Qd5 Rae8 20. c3 Nf6 21.
Qxd6 Qxd6 22. Bxd6 Ng4 23. Bf4 Rxa4 24. h3 Nf6 25. Rd6 Ra2 26. Rxb6 Nd5 27. Rb8
Rxb8 28. Bxb8 Rxb2 0-1

[Event "29. Erfurter Schachfestival 2019 - Meis"]
[Site "Erfurt"]
[Date "2019.12.27"]
[Round "3.15"]
[White "Zhukov, Anton"]
[Black "Falk, Kristoffer"]
[Result "1/2-1/2"]
[WhiteElo "2190"]
[BlackElo "2042"]
[PlyCount "44"]
[EventDate "2019.12.26"]

1. d4 Nf6 2. c4 e6 3. Nf3 d5 4. Nc3 a6 5. Bg5 Be7 6. e3 O-O 7. c5 Nbd7 8. Bd3
Re8 9. Bf4 Nf8 10. h3 N6d7 11. O-O Bf6 12. Bg3 b6 13. b4 bxc5 14. bxc5 Nxc5 15.
Rc1 Nxd3 16. Qxd3 Ng6 17. Na4 Bd7 18. Bxc7 Bb5 19. Qa3 Qe7 20. Bd6 Qd8 21. Bc7
Qe7 22. Bd6 Qd8 1/2-1/2

[Event "29. Erfurter Schachfestival 2019 - Meis"]
[Site "Erfurt"]
[Date "2019.12.27"]
[Round "3.16"]
[White "Wong, Gengchun"]
[Black "Linnemann, Niklas"]
[Result "0-1"]
[WhiteElo "2180"]
[BlackElo "2007"]
[PlyCount "88"]
[EventDate "2019.12.26"]

1. Nf3 c5 2. e4 e6 3. d4 cxd4 4. Nxd4 Nf6 5. Nc3 Bb4 6. e5 Nd5 7. Bd2 Nxc3 8.
bxc3 Bc5 9. Qg4 g6 10. Bd3 Nc6 11. Nxc6 bxc6 12. h4 h5 13. Qg3 Qb6 14. O-O Ba6
15. Bg5 Bxd3 16. cxd3 O-O 17. d4 Ba3 18. Rab1 Qa6 19. Bf6 Rfb8 20. Qe3 Bf8 21.
Rxb8 Rxb8 22. g4 hxg4 23. h5 Qxa2 24. Qd3 g5 25. Qe3 Rb1 26. Qxg5+ Kh7 27. Qxg4
Rxf1+ 28. Kxf1 Qb1+ 29. Kg2 a5 30. Bg5 a4 31. Qf4 Qf5 32. Qxf5+ exf5 33. Bc1
Bh6 34. Bb2 Bg5 35. Kg3 Kh6 36. f4 Be7 37. c4 f6 38. d5 fxe5 39. fxe5 cxd5 40.
cxd5 Kxh5 41. Kf4 Kg6 42. e6 dxe6 43. dxe6 a3 44. Ba1 Bf6 0-1

[Event "29. Erfurter Schachfestival 2019 - Meis"]
[Site "Erfurt"]
[Date "2019.12.27"]
[Round "3.17"]
[White "Schmitt, Michael"]
[Black "Sobolevsky, Leonid"]
[Result "0-1"]
[WhiteElo "2025"]
[BlackElo "2178"]
[PlyCount "120"]
[EventDate "2019.12.26"]

1. d4 Nf6 2. c4 e6 3. Nc3 Bb4 4. a3 Bxc3+ 5. bxc3 b6 6. e3 Nc6 7. Bd3 Na5 8. e4
d6 9. f4 Bb7 10. Qe2 e5 11. fxe5 dxe5 12. Nf3 Nb3 13. Rb1 Nxc1 14. Rxc1 exd4
15. cxd4 O-O 16. O-O Nxe4 17. Bxe4 Re8 18. Bxh7+ Kxh7 19. Qd3+ Be4 20. Qd2 Kg8
21. Rcd1 Qd6 22. Ne5 f6 23. Nf3 Qxa3 24. d5 Bxf3 25. Rxf3 Qc5+ 26. Kh1 Re4 27.
Rdf1 Rae8 28. h3 Qd4 29. Rd3 Qxc4 30. Rc1 Qxc1+ 31. Qxc1 Re1+ 32. Qxe1 Rxe1+
33. Kh2 Rc1 34. Kg3 Kf7 35. Kf4 Rc4+ 36. Ke3 Ke7 37. Ra3 a5 38. Kd3 Rc5 39. Ke4
Kd6 40. Rd3 g6 41. Rg3 g5 42. Rf3 Ke7 43. Kd4 a4 44. Re3+ Kd7 45. Rf3 Ke7 46.
Re3+ Kf7 47. Ra3 Ra5 48. Rc3 Ra7 49. Ra3 Ke7 50. Re3+ Kd7 51. Ra3 Kd6 52. Kc4
Ra5 53. Rf3 a3 54. Rxf6+ Ke7 55. Rf1 a2 56. Ra1 Kd6 57. g3 Ra3 58. h4 gxh4 59.
gxh4 Ra4+ 60. Kb5 Rxh4 0-1

[Event "29. Erfurter Schachfestival 2019 - Meis"]
[Site "Erfurt"]
[Date "2019.12.27"]
[Round "3.18"]
[White "Krause, Maximilian"]
[Black "Miszler, Levente"]
[Result "0-1"]
[WhiteElo "1992"]
[BlackElo "2167"]
[PlyCount "52"]
[EventDate "2019.12.26"]

1. e4 e6 2. d4 d5 3. Nd2 Nf6 4. e5 Nfd7 5. c3 c5 6. Bd3 Nc6 7. Ne2 cxd4 8. cxd4
f6 9. exf6 Nxf6 10. O-O Bd6 11. Nf3 O-O 12. Bf4 Bxf4 13. Nxf4 Ne4 14. Ne2 Rxf3
15. gxf3 Ng5 16. Kh1 e5 17. Ng1 Nxd4 18. f4 Ngf3 19. Nxf3 Bg4 20. Nxe5 Bxd1 21.
Raxd1 Ne6 22. Bc4 Nxf4 23. Rxd5 Nxd5 24. Rd1 Qh4 25. Bxd5+ Kf8 26. Re1 Rd8 0-1

[Event "29. Erfurter Schachfestival 2019 - Meis"]
[Site "Erfurt"]
[Date "2019.12.27"]
[Round "3.19"]
[White "Nguyen, Ha Thanh"]
[Black "Schupp, Uwe"]
[Result "1/2-1/2"]
[WhiteElo "1984"]
[BlackElo "2098"]
[PlyCount "49"]
[EventDate "2019.12.26"]

1. e4 d6 2. d4 Nf6 3. Nc3 e5 4. dxe5 dxe5 5. Qxd8+ Kxd8 6. Bg5 Be6 7. O-O-O+
Kc8 8. Nf3 Nbd7 9. a3 c6 10. Be2 Bc5 11. Rhf1 b5 12. Bd2 h6 13. h3 a5 14. Bd3
Ne8 15. Rde1 Kc7 16. a4 b4 17. Nd1 b3 18. Ne3 Nd6 19. Bc3 f6 20. Nd2 Bxe3 21.
Rxe3 Nc5 22. cxb3 Rhb8 23. Bc2 Kd7 24. Rd1 Ke7 25. Rg3 1/2-1/2

[Event "29. Erfurter Schachfestival 2019 - Meis"]
[Site "Erfurt"]
[Date "2019.12.27"]
[Round "3.20"]
[White "Niedzielski, Lars"]
[Black "Everett, Elijah"]
[Result "0-1"]
[WhiteElo "1939"]
[BlackElo "2230"]
[PlyCount "78"]
[EventDate "2019.12.26"]

1. d4 Nf6 2. Nf3 g6 3. c4 Bg7 4. e3 c5 5. d5 O-O 6. Be2 e6 7. O-O exd5 8. cxd5
d6 9. Nc3 Re8 10. Nd2 Na6 11. e4 Nc7 12. f3 Nh5 13. f4 Bd4+ 14. Kh1 Nf6 15. Bf3
b5 16. Ne2 Be3 17. Qb3 Bxd2 18. Bxd2 Nxe4 19. Bxe4 Rxe4 20. Ng3 Rd4 21. Bc3 Rc4
22. a4 Rxa4 23. Rxa4 bxa4 24. Qd1 f5 25. Rf3 Nb5 26. Qd2 Kf7 27. Ne2 Rb8 28.
Rh3 h5 29. Ng1 Nxc3 30. Rxc3 Rb3 31. Nf3 Qf6 32. Ng5+ Ke8 33. Rc2 a3 34. Qe1+
Kd7 35. bxa3 Rxa3 36. Rc1 Bb7 37. Rd1 Ra4 38. Rb1 Bxd5 39. Qd1 Qd4 0-1

[Event "29. Erfurter Schachfestival 2019 - Meis"]
[Site "Erfurt"]
[Date "2019.12.27"]
[Round "3.21"]
[White "Langheinrich, Ferenc"]
[Black "Pedersen, Lars Wilton"]
[Result "1-0"]
[WhiteElo "2378"]
[BlackElo "2047"]
[PlyCount "67"]
[EventDate "2019.12.26"]

1. e4 d5 2. exd5 Nf6 3. d4 Nxd5 4. Nf3 g6 5. c4 Nb6 6. h3 Bg7 7. Nc3 O-O 8. Be3
Nc6 9. Be2 e5 10. d5 Ne7 11. Bc5 Re8 12. O-O Nf5 13. Ne4 Nd7 14. Ba3 Nf6 15.
Nfd2 Nd4 16. Nxf6+ Qxf6 17. Re1 Qh4 18. Bf1 e4 19. c5 Nf5 20. Qg4 Qxg4 21. hxg4
Nd4 22. Nxe4 Bxg4 23. Bd3 Red8 24. d6 c6 25. Rac1 Be6 26. Bb1 h6 27. Bb4 Rac8
28. Ba5 Rd7 29. Rcd1 Bd5 30. Bc3 Bxe4 31. Bxe4 Ne6 32. Bxg6 Nxc5 33. Bf5 Ne6
34. Rxe6 1-0

[Event "29. Erfurter Schachfestival 2019 - Meis"]
[Site "Erfurt"]
[Date "2019.12.27"]
[Round "3.22"]
[White "Klein, Felix"]
[Black "Dehmel, Jens"]
[Result "1/2-1/2"]
[WhiteElo "2304"]
[BlackElo "2045"]
[Annotator "Ruether,Rudolf"]
[PlyCount "70"]
[EventDate "2019.12.26"]

1. e4 e5 2. Nf3 Nc6 3. Bb5 a6 4. Ba4 Nf6 5. O-O Nxe4 6. d4 b5 7. Bb3 d5 8. dxe5
Be6 9. Nbd2 Nc5 10. c3 g6 11. Nd4 Nxe5 12. f4 Ned3 13. f5 gxf5 14. Bc2 Nxc1 15.
Rxc1 Qd7 16. Nxf5 O-O-O 17. Qf3 Kb8 18. b4 Na4 19. Bxa4 bxa4 20. Nd4 c5 21.
bxc5 Bxc5 22. Kh1 Ka7 23. Qd3 Rb8 24. N2f3 Qd6 25. Ne5 Rb7 26. Nec6+ Kb6 27.
Rb1+ Kc7 28. Qxa6 Rxb1 29. Rxb1 Bc8 30. Qxa4 Qg6 31. Rg1 Bd7 32. Qa5+ Bb6 33.
Qxd5 Bxc6 34. Qe5+ Kb7 35. Qxh8 Bxg2+ 1/2-1/2